000 00702nam a2200241Ia 4500
003 OSt
005 20220923224413.0
006 a|||||r|||| 00| 0
007 ta
008 Pun
024 _a232,012
037 _cTextual
040 _aARTS
_cARTS
_bPun
041 _2Pun
_aPun
082 _aO153,1xN5, L2
100 _aਸਿੰਗਲ, ਧਰਮ ਪਾਲ
_9156265
245 0 _aਕਵਿਤਾ ਅਕਵਿਤਾ
260 _aਜਲੰਧਰ
_b ਕੇ ਲਾਲ ਐੰਡ ਕੰਪਨੀ
_c1972
300 _a152ਪੰ
_ccm.
650 _aਪੰਜਾਬੀ ਸਾਹਿਤ
942 _hO153,1xN5, L2
_cTEXL
_2CC
999 _c371199
_d371199